[Event "Friendly mini "]
[Site "SchemingMind.com"]
[Date "2005.05.29"]
[Round "-"]
[White "aliwood"]
[Black "cnbcad"]
[Result "0-1"]
[WhiteCountry "ENG"]
[BlackCountry "USA"]
[WhiteElo "1354"]
[WhiteRD "69"]
[BlackElo "1425"]
[BlackRD "52"]
[GameID "16647"]

1. e4 e5 2. Nf3 Nc6 3. Bb5 a6 4. Bxc6 bxc6 5. d4 exd4 6. Nxd4 Bc5 7. O-O Ne7 8. Nb3 d6 9. Nxc5 dxc5 10. Qxd8+ Kxd8
11. Rd1+ Bd7 12. Be3 Ng6 13. Bxc5 Ne5 14. Nc3 Kc8 15. Rd4 a5 16. f4 Ng4 17. Rad1 Ne3 18. R1d3 Nxc2 19. Rxd7 Rb8 20. Rxf7 Rxb2
0-1

[Event "Friendly mini "]
[Site "SchemingMind.com"]
[Date "2005.05.30"]
[Round "-"]
[White "cnbcad"]
[Black "aliwood"]
[Result "1-0"]
[WhiteCountry "USA"]
[BlackCountry "ENG"]
[WhiteElo "1425"]
[WhiteRD "52"]
[BlackElo "1354"]
[BlackRD "69"]
[GameID "16648"]

1. e4 e5 2. f3 Nc6 3. Bc4 Nf6 4. g4 d5 5. Bb5 Bd7 6. d3 Qe7 7. Nh3 O-O-O 8. Bxc6 Bxc6 9. g5 Qd7 10. Nf2 Nh5
11. f4 Nxf4 12. Qg4 dxe4 13. Qxd7+ Rxd7 14. Bxf4 exf4 15. Nxe4 h6 16. gxh6 f5 17. hxg7 Bxg7 18. Nec3 Re7+ 19. Ne2 Bxh1 20. Nc3
1-0

[Event "Friendly mini "]
[Site "SchemingMind.com"]
[Date "2005.05.29"]
[Round "-"]
[White "Magnanimous"]
[Black "aliwood"]
[Result "0-1"]
[WhiteCountry "CAN"]
[BlackCountry "ENG"]
[WhiteElo "1378"]
[WhiteRD "74"]
[BlackElo "1366"]
[BlackRD "67"]
[GameID "16653"]

1. e4 e5 2. f4 exf4 3. Nf3 g5 4. Bc4 g4 5. Ne5 Qh4+ 6. Kf1 Nh6 7. d3 d6 8. Bxf7+ Nxf7 9. Nc4 g3 10. h3 Nc6
11. Qf3 Nd4 12. Qd1 f3 13. gxf3 g2+ 14. Kxg2 Rg8+ 15. Kf1 Bxh3+ 16. Rxh3 Qxh3+ 17. Ke1 Rg2 18. Nc3 Qh1#
0-1

[Event "Friendly mini "]
[Site "SchemingMind.com"]
[Date "2005.05.29"]
[Round "-"]
[White "Magnanimous"]
[Black "cnbcad"]
[Result "1/2-1/2"]
[WhiteCountry "CAN"]
[BlackCountry "USA"]
[WhiteElo "1372"]
[WhiteRD "72"]
[BlackElo "1476"]
[BlackRD "55"]
[GameID "16654"]

1. d4 d5 2. f4 Nf6 3. Nf3 g6 4. c3 Bg7 5. Nbd2 O-O 6. e3 Re8 7. Bd3 Bg4 8. e4 dxe4 9. Nxe4 Qd5 10. Nxf6+ exf6+
11. Be2 Bxf3 12. gxf3 Qxf3 13. Rf1 Qg2 14. Rf2 Qg1+ 15. Rf1 Qxh2 16. f5 Qh4+ 17. Kd2 Bh6+ 18. Kc2 Bxc1 19. Rxc1 Nc6 20. Rh1 Qe4+
21. Bd3 Qg2+ 22. Kb1 Re3 23. Rc2 Qg3 24. fxg6 Rxd3 25. gxh7+ Kg7 26. Qh5 Qg6 27. Rg2 Qxg2 28. Qh6+ Kh8 29. Qxf6+ Qg7 30. Qf4 Qg2
31. Qf6+ Qg7 32. Qf4 Rg3 33. Rf1 Rg1 34. Rxg1 Qxg1+ 35. Kc2 Re8 36. Qxc7 Qg6+ 37. Kb3 Qxh7 38. d5 Ne5 39. Qxb7 Nd3 40. Qxa7 Nc1+
41. Ka3 Qe4 42. Qa6 Qxd5 43. c4 Qg2 44. Qh6+ Kg8 45. Qxc1 Rb8 46. b3 Ra8+ 47. Kb4 Qxa2 48. Qg5+ Kf8 49. Qc5+ Ke8 50. Qe5+ Kd7
51. Qf5+ Ke7 52. Qe5+ Kf8 53. Qc5+ Kg7 54. Qg5+ Kf8 55. Qc5+ Kg7 56. Qg5+ Kh7 57. Qh5+= Kg7 58. Qg5+ Kf8 59. Qc5+ Ke8 60. Qe5+ Kd7
61. Qf5+ Kc6 62. Qf6+ Kd7 63. Qf5+ Kd6 64. Qf6+ Kd7 65. Qf5+ Kc6 66. Qf6+ Kd7 67. Qxf7+ Kd6 68. c5+ Ke5 69. Qc7+ Kd5=
1/2-1/2

[Event "Friendly mini "]
[Site "SchemingMind.com"]
[Date "2005.05.29"]
[Round "-"]
[White "aliwood"]
[Black "Magnanimous"]
[Result "1-0"]
[WhiteCountry "ENG"]
[BlackCountry "CAN"]
[WhiteElo "1418"]
[WhiteRD "70"]
[BlackElo "1372"]
[BlackRD "72"]
[GameID "16655"]

1. e4 e5 2. Nf3 Nc6 3. Bb5 Nge7 4. c3 f5 5. exf5 e4 6. Nd4 Nxd4 7. cxd4 Nxf5 8. Nc3 Nxd4 9. Bc4 d6 10. O-O Be7
11. Qh5+ g6 12. Qd5 Nc2 13. Qf7+ Kd7 14. Be6+ Kc6 15. Bxc8 Rxc8 16. Qb3 Nd4 17. Qd5+ Kd7 18. Qxd4 Bf6 19. Qxa7 Bh4 20. Qxb7 Qg5
21. Nxe4 Qg4 22. Re1 Rhe8 23. g3 Rb8 24. Nc5+ dxc5 25. Qd5+ Kc8 26. Rxe8+ Bd8 27. Rxd8#
1-0

[Event "Friendly mini "]
[Site "SchemingMind.com"]
[Date "2005.05.30"]
[Round "-"]
[White "cnbcad"]
[Black "Magnanimous"]
[Result "1-0"]
[WhiteCountry "USA"]
[BlackCountry "CAN"]
[WhiteElo "1540"]
[WhiteRD "57"]
[BlackElo "1378"]
[BlackRD "74"]
[GameID "16656"]

1. e4 c5 2. Bc4 e6 3. Nc3 Nf6 4. e5 d5 5. Bb5+ Nfd7 6. Nf3 c4 7. O-O a6 8. Bxd7+ Bxd7 9. d3 b5 10. d4 Be7
11. Ne2 b4 12. b3 Bb5 13. a4 bxa3 14. Bxa3 cxb3 15. cxb3 O-O 16. Re1 Nd7 17. Nc3 Re8 18. Nxb5 axb5 19. Bxe7 Rxa1 20. Qxa1 Rxe7
21. Rc1 f6 22. Qa6 Re8 23. exf6 Nxf6 24. Ne5 Ne4 25. Qxb5 Rf8 26. Nc6 Qc7 27. f3 Nd6 28. Qa6 Nf5 29. b4 Nxd4 30. Rc5 e5
31. Nxd4 Qf7 32. Ne6 Re8 33. Rc7 Rxe6 34. Rc8+ Re8 35. b5 e4 36. Qc6 Kf8 37. fxe4 dxe4 38. b6 e3 39. Rxe8+ Qxe8 40. Qxe8+ Kxe8
41. b7
1-0

[Event "Friendly mini "]
[Site "SchemingMind.com"]
[Date "2005.05.31"]
[Round "-"]
[White "pjer_bezuhov"]
[Black "aliwood"]
[Result "1-0"]
[WhiteCountry "CRO"]
[BlackCountry "ENG"]
[WhiteElo "1499"]
[WhiteRD "69"]
[BlackElo "1354"]
[BlackRD "69"]
[GameID "16750"]

1. e4 e5 2. Nf3 Nc6 3. Bb5 a6 4. Ba4 Nf6 5. Nc3 b5 6. Bb3 Be7 7. Ng5 d5 8. exd5 Nd4 9. d3 Nxb3 10. axb3 O-O
11. Nge4 b4 12. Nxf6+ Bxf6 13. Be3 bxc3 14. bxc3 Qxd5 15. O-O Bf5 16. d4 Rfd8 17. Re1 Qc6 18. Qd2 exd4 19. cxd4 Qxc2 20. Qb4 c5
21. Qa5 cxd4 22. Rac1 Qxb3 23. Bf4 Qb5 24. Qc7 Rac8 25. Qa7 Rxc1 26. Rxc1 g5 27. Rc5
1-0

[Event "Friendly mini "]
[Site "SchemingMind.com"]
[Date "2005.05.31"]
[Round "-"]
[White "pjer_bezuhov"]
[Black "cnbcad"]
[Result "0-1"]
[WhiteCountry "CRO"]
[BlackCountry "USA"]
[WhiteElo "1522"]
[WhiteRD "77"]
[BlackElo "1540"]
[BlackRD "57"]
[GameID "16751"]

1. e4 e5 2. Nf3 Nc6 3. Bb5 a6 4. Ba4 Nf6 5. d3 Be7 6. b4 b5 7. Bb3 O-O 8. Be3 Bxb4+ 9. Bd2 Bc5 10. Nc3 Nd4
11. Be3 d6 12. Ng5 Nxb3 13. axb3 Bxe3 14. fxe3 Ng4 15. h4 h6 16. Nd5 hxg5 17. h5 c6 18. Nc3 Nh6 19. Qf3 Bg4 20. Qg3 b4
21. Na4 Qa5 22. d4 exd4 23. exd4 Rae8 24. e5 dxe5 25. O-O exd4 26. Qd6 Bxh5 27. Nc5 Qb5 28. Nd7 Rd8 29. c4 Qb7 30. Nc5 Rxd6
31. Nxb7 Re6 32. Nc5 Re3 33. Rxa6 Be2 34. Rf2 Ng4 35. Rf5 Rg3 36. Rxg5 Bf3 37. Kf1 Nh2+ 38. Kg1 Rxg5 39. Kxh2 Rxg2+ 40. Kh3 g5
41. Nd7 Rd8 42. Nf6+ Kf8 43. Rxc6 Ke7 44. Nd5+ Bxd5
0-1

[Event "Friendly mini "]
[Site "SchemingMind.com"]
[Date "2005.05.31"]
[Round "-"]
[White "pjer_bezuhov"]
[Black "Magnanimous"]
[Result "0-1"]
[WhiteCountry "CRO"]
[BlackCountry "CAN"]
[WhiteElo "1522"]
[WhiteRD "77"]
[BlackElo "1378"]
[BlackRD "74"]
[GameID "16752"]

1. e4 e5 2. Nf3 f6 3. c3 b6 4. d4 d6 5. Nbd2 Ne7= 6. Bb5+ Nd7 7. Nc4 Ng6 8. Bc6 Rb8 9. dxe5 fxe5 10. Bg5 Be7
11. O-O Bxg5 12. Nxg5 Qxg5 13. Qf3 Rf8 14. Qd3 Nf4 15. Qg3 Ne2+ 16. Kh1 Nxg3+ 17. fxg3 Rxf1+ 18. Rxf1 Ba6 19. Nxd6+ cxd6
0-1

[Event "Friendly mini "]
[Site "SchemingMind.com"]
[Date "2005.05.31"]
[Round "-"]
[White "aliwood"]
[Black "pjer_bezuhov"]
[Result "0-1"]
[WhiteCountry "ENG"]
[BlackCountry "CRO"]
[WhiteElo "1354"]
[WhiteRD "69"]
[BlackElo "1499"]
[BlackRD "69"]
[GameID "16753"]

1. e4 e5 2. Nf3 Nf6 3. Nxe5 d6 4. Nf3 Nc6 5. Nc3 Bg4 6. Be2 Bxf3 7. Bxf3 Qe7 8. d4 O-O-O 9. O-O g6 10. Bg5 h6
11. Nd5 Qe8 12. Bxf6 Rg8 13. Bxd8 Qxd8 14. c3 h5 15. Qd3 f5 16. exf5 gxf5 17. Qxf5+ Kb8 18. Nf6 Ne7 19. Qb5 c6 20. Bxc6 Qc8
21. Bf3 a6 22. Qb6 Rg6 23. Qxd6+ Ka8 24. Qxa6+ Kb8 25. Qd6+ Ka7 26. Bxh5 Ng8 27. Qd7 Qc4
0-1

[Event "Friendly mini "]
[Site "SchemingMind.com"]
[Date "2005.06.01"]
[Round "-"]
[White "cnbcad"]
[Black "pjer_bezuhov"]
[Result "0-1"]
[WhiteCountry "USA"]
[BlackCountry "CRO"]
[WhiteElo "1540"]
[WhiteRD "57"]
[BlackElo "1522"]
[BlackRD "77"]
[GameID "16754"]

1. e4 e6 2. d4 d6 3. c4 Nf6 4. Nf3 d5 5. e5 Nc6 6. exf6 b6 7. Bg5 gxf6 8. Be3 Bb4+ 9. Nc3 e5 10. Bd3 Bg4
11. O-O Rg8 12. Nxd5 exd4 13. Bxd4 Nxd4 14. Nxb4 Nxf3+ 15. gxf3 Bxf3+
0-1

[Event "Friendly mini "]
[Site "SchemingMind.com"]
[Date "2005.05.31"]
[Round "-"]
[White "Magnanimous"]
[Black "pjer_bezuhov"]
[Result "0-1"]
[WhiteCountry "CAN"]
[BlackCountry "CRO"]
[WhiteElo "1378"]
[WhiteRD "74"]
[BlackElo "1522"]
[BlackRD "77"]
[GameID "16755"]

1. e4 b6 2. d4 c5 3. d5 e5 4. f3 d6 5. Bb5+ Bd7 6. Bxd7+ Nxd7 7. Ne2 Nh6 8. O-O Be7 9. Nbc3 O-O 10. Bxh6 gxh6
11. Qd2 Bg5 12. f4 Bf6 13. fxe5 Nxe5 14. Qxh6 Ng4 15. Qh5 Qd7 16. h3 Ne3 17. Rf3 Bd4 18. Rg3+ Kh8 19. Nxd4 cxd4 20. e5 Rg8
21. Rxg8+ Rxg8 22. Ne4 Rxg2+ 23. Kh1 Qb5 24. Nf6 Rg7 25. c4 Qxb2
0-1

[Event "Friendly mini "]
[Site "SchemingMind.com"]
[Date "2005.05.31"]
[Round "-"]
[White "Brerrabbit"]
[Black "aliwood"]
[Result "1-0"]
[WhiteCountry "SCO"]
[BlackCountry "ENG"]
[WhiteElo "1293"]
[WhiteRD "70"]
[BlackElo "1354"]
[BlackRD "69"]
[GameID "16758"]

1. e4 e5 2. Nf3 Nc6 3. Nc3 Nf6 4. Nxe5 Nxe5 5. d4 Nc6 6. d5 Ne5 7. f4 Ng6 8. e5 Ng8 9. d6 cxd6 10. f5 Nxe5
11. Qe2 Be7 12. Qf2 Nf6 13. Qf4 O-O 14. Bc4 Nh5 15. Qf2 Nxc4 16. O-O Bf6 17. Re1 Bh4 18. Qe2
1-0

[Event "Friendly mini "]
[Site "SchemingMind.com"]
[Date "2005.05.31"]
[Round "-"]
[White "Brerrabbit"]
[Black "cnbcad"]
[Result "0-1"]
[WhiteCountry "SCO"]
[BlackCountry "USA"]
[WhiteElo "1277"]
[WhiteRD "69"]
[BlackElo "1476"]
[BlackRD "55"]
[GameID "16759"]

1. e4 e5 2. Nf3 Nc6 3. Nc3 Bc5 4. Bb5 d6 5. d3 Nf6 6. Bg5 O-O 7. Bc4 h6 8. Bxf6 Qxf6 9. Nd5 Qg6 10. Qe2 Nd4
11. Ne7+ Kh7 12. Nxg6 Nxe2 13. Nxf8+ Kg8 14. Ng6 Nf4 15. Ne7+ Kf8 16. Nxc8 Rxc8 17. O-O Ne2+ 18. Kh1 Nf4 19. Rad1 Nh5 20. d4 exd4
21. Nxd4 Re8 22. Rfe1 Nf6 23. Nf5 Nxe4 24. Re2 c6 25. Re3 Bxe3 26. Kg1 d5 27. fxe3 dxc4 28. Rd4 b5 29. Nd6 Nxd6 30. Rxd6 Rc8
31. c3 a5 32. e4 b4 33. Rd4 c5 34. Rxc4 g5 35. cxb4 axb4 36. a3 bxa3 37. bxa3 Ke7 38. a4 Kd6 39. a5 Ra8 40. Ra4 Kc6
41. Kf2 Kb5 42. Ra3 Rxa5 43. Rf3 c4 44. Rxf7 c3 45. e5 c2 46. Rc7 Ra2 47. e6 c1=Q+ 48. Kg3 Qf4+ 49. Kh3 Qh4#
0-1

[Event "Friendly mini "]
[Site "SchemingMind.com"]
[Date "2005.05.31"]
[Round "-"]
[White "Brerrabbit"]
[Black "Magnanimous"]
[Result "1-0"]
[WhiteCountry "SCO"]
[BlackCountry "CAN"]
[WhiteElo "1281"]
[WhiteRD "62"]
[BlackElo "1378"]
[BlackRD "74"]
[GameID "16760"]

1. e4 c5 2. d4 cxd4 3. c3 Nc6 4. Nf3 dxc3 5. Bc4 cxb2 6. Bxb2 h6 7. Ne5 Nxe5 8. Bxe5 d6 9. Bf4 Qb6 10. Nc3 Qc5
11. Bb5+ Bd7 12. Bxd7+ Kxd7 13. Qg4+ e6 14. Nd5 Qa5+ 15. Bd2 Qa3 16. O-O Kd8 17. Rab1 exd5 18. exd5 Nf6 19. Qc4 Rc8 20. Qd4 Qxa2
21. Rxb7 Nxd5 22. Rxa7 Qb3 23. Ba5+ Ke8 24. Re1+ Ne7 25. Qxd6 Rc1 26. Qd7#
1-0

[Event "Friendly mini "]
[Site "SchemingMind.com"]
[Date "2005.05.31"]
[Round "-"]
[White "Brerrabbit"]
[Black "pjer_bezuhov"]
[Result "0-1"]
[WhiteCountry "SCO"]
[BlackCountry "CRO"]
[WhiteElo "1281"]
[WhiteRD "62"]
[BlackElo "1522"]
[BlackRD "77"]
[GameID "16761"]

1. e4 c5 2. d4 cxd4 3. c3 Nf6 4. Bd3 Qa5 5. b4 Qe5 6. Nf3 Qc7 7. cxd4 e6 8. e5 Nd5 9. Bf4 Nxf4 10. Na3 Bxb4+
11. Nd2 Nxd3+ 12. Ke2 Nb2 13. Qb3 Bxa3 14. Rhc1 Nc6 15. Qxa3 Nxd4+ 16. Kf1 Qxe5 17. Rab1 Qxh2 18. Ke1 Qg1+ 19. Nf1 Qxg2 20. Qxb2 Nf3+
21. Ke2 b6 22. Qa3 Nd4+ 23. Ke1 a5 24. Rxb6 Qd5 25. Ne3 Qe5 26. Rc5 Nc2+ 27. Rxc2 Rb8 28. Qb3 Rxb6 29. Qxb6 O-O 30. Kd2 Qf4
31. Ke2 Qa4 32. Qc5 Ba6+ 33. Kf3 h6 34. Qb6 Rc8 35. Rxc8+ Bxc8 36. Qd8+ Kh7 37. Qxc8 d5 38. Qe8 Qxe8
0-1

[Event "Friendly mini "]
[Site "SchemingMind.com"]
[Date "2005.05.31"]
[Round "-"]
[White "aliwood"]
[Black "Brerrabbit"]
[Result "0-1"]
[WhiteCountry "ENG"]
[BlackCountry "SCO"]
[WhiteElo "1354"]
[WhiteRD "69"]
[BlackElo "1293"]
[BlackRD "70"]
[GameID "16762"]

1. e4 e5 2. Nf3 Nc6 3. Bb5 Nf6 4. O-O a6 5. Ba4 b5 6. Bb3 Bc5 7. c3 Nxe4 8. d3 Ng3 9. hxg3 d5 10. d4 exd4
11. cxd4 Bd6 12. Bxd5 Bd7 13. Ng5 Qf6 14. Nxf7 Rf8 15. Bg5 Qf5 16. Nxd6+ cxd6 17. Re1+ Ne7 18. Qh5+ Kd8
0-1

[Event "Friendly mini "]
[Site "SchemingMind.com"]
[Date "2005.06.01"]
[Round "-"]
[White "cnbcad"]
[Black "Brerrabbit"]
[Result "1-0"]
[WhiteCountry "USA"]
[BlackCountry "SCO"]
[WhiteElo "1540"]
[WhiteRD "57"]
[BlackElo "1281"]
[BlackRD "62"]
[GameID "16763"]

1. e4 e5 2. Nf3 Nc6 3. Bc4 Nf6 4. Nc3 Bc5 5. O-O d6 6. Ng5 Bg4 7. Qe1 d5 8. exd5 Nd4 9. Qxe5+ Ne6 10. dxe6 Bd6
11. exf7+ Kf8 12. Qa5 h6 13. Nge4 b6 14. Qb5 a6 15. Qb3 b5 16. Be6 Qe7 17. Nxd6 Qxd6 18. Re1 g5 19. Ne4 Bxe6 20. Qf3 Bd5
21. d3 Kxf7 22. Nxd6+ cxd6 23. Qf5 Rac8 24. Re2 Rce8 25. Rxe8 Rxe8 26. Bd2 Be6 27. Qf3 Rc8 28. Bc3 Rxc3 29. bxc3 Bd5 30. Qe3 Ng4
31. Qa7+ Kf6 32. f3 Ne5 33. Qd4 Be6 34. f4 gxf4 35. Rf1 Ke7 36. Rxf4 Ng4 37. Qg7+ Bf7 38. Qxf7+ Kd8 39. Qg7 Ne5 40. Rf8#
1-0

[Event "Friendly mini "]
[Site "SchemingMind.com"]
[Date "2005.05.31"]
[Round "-"]
[White "Magnanimous"]
[Black "Brerrabbit"]
[Result "0-1"]
[WhiteCountry "CAN"]
[BlackCountry "SCO"]
[WhiteElo "1378"]
[WhiteRD "74"]
[BlackElo "1281"]
[BlackRD "62"]
[GameID "16764"]

1. e4 e5 2. f4 Nc6 3. Nf3 d6 4. f5 Nf6 5. d3 d5 6. Nc3 Bb4 7. Bd2 Bxc3 8. Bxc3 dxe4 9. dxe4 Qxd1+ 10. Rxd1 Nxe4
11. Bd2 Bxf5 12. Bd3 O-O-O 13. O-O Rhe8 14. Rfe1 Nd6 15. Bxf5+ Nxf5 16. c4 Ncd4 17. Nxe5 Nc2 18. Re2 Nfd4 19. Re4 f6 20. Nf7 Rxe4
21. Nxd8 Kxd8 22. Bc3 Ke7 23. b3 Ne2+
0-1

[Event "Friendly mini "]
[Site "SchemingMind.com"]
[Date "2005.05.31"]
[Round "-"]
[White "pjer_bezuhov"]
[Black "Brerrabbit"]
[Result "1-0"]
[WhiteCountry "CRO"]
[BlackCountry "SCO"]
[WhiteElo "1522"]
[WhiteRD "77"]
[BlackElo "1281"]
[BlackRD "62"]
[GameID "16765"]

1. e4 e5 2. Nf3 f5 3. Nc3 fxe4 4. Nxe4 d5 5. Nc3 d4 6. Ne4 Bf5 7. Bd3 Nc6 8. c3 Bg4 9. Bb5 a6 10. Ba4 Nf6
11. d3 b5 12. Bb3 Nxe4 13. dxe4 b4 14. Ba4 Qd6 15. Qd3 Be7 16. O-O O-O 17. Bxc6 Qxc6 18. Nxe5 Qe6 19. Nxg4 Qxg4 20. Qxd4 Rf3
21. e5 h5 22. Qd5+ Rf7 23. Qxa8+ Rf8 24. Qxa6 Qg5 25. Bxg5 Bxg5 26. Rad1 h4 27. e6 Re8 28. Rfe1 Rxe6 29. Rxe6 g6 30. Rd7
1-0

[Event "Friendly mini "]
[Site "SchemingMind.com"]
[Date "2005.06.01"]
[Round "-"]
[White "happinessisawarmgun®"]
[Black "aliwood"]
[Result "1-0"]
[WhiteCountry "IRL"]
[BlackCountry "ENG"]
[WhiteElo "1506"]
[WhiteRD "95"]
[BlackElo "1354"]
[BlackRD "69"]
[GameID "16862"]

1. e4 e5 2. Nf3 Nc6 3. d4 exd4 4. Nxd4 Nf6 5. Nc3 Bb4 6. Bg5 h6 7. Bh4 g5 8. Bg3 Nxe4 9. Qe2 O-O 10. Qxe4 Bxc3+
11. bxc3 Re8 12. Qxe8+ Qxe8+ 13. Kd2 Nxd4 14. cxd4 d6 15. Bc4 Qe4 16. f3 Qxd4+ 17. Bd3 Be6 18. Rhe1 b5 19. Rad1 Bc4 20. Re7
1-0

[Event "Friendly mini "]
[Site "SchemingMind.com"]
[Date "2005.06.01"]
[Round "-"]
[White "happinessisawarmgun®"]
[Black "cnbcad"]
[Result "1-0"]
[WhiteCountry "IRL"]
[BlackCountry "USA"]
[WhiteElo "1539"]
[WhiteRD "106"]
[BlackElo "1476"]
[BlackRD "55"]
[GameID "16863"]

1. e4 e5 2. Nf3 Nc6 3. d4 d6 4. dxe5 dxe5 5. Qxd8+ Nxd8 6. Nxe5 Bd6 7. Nf3 Nc6 8. Bc4 Ne5 9. Bb3 Nxf3+ 10. gxf3 Ne7
11. Nc3 O-O 12. Be3 c5 13. O-O-O Rd8 14. Bxc5 Nc6 15. Rxd6 Rxd6 16. Bxd6 Be6 17. Bxe6 fxe6 18. Rd1 a6 19. Bc5 b5 20. Rd7 Ne5
21. Re7 Nxf3 22. Rxe6 Nxh2 23. f4 Nf3 24. Kd1 Rd8+ 25. Ke2 Rc8 26. Kxf3 Rxc5 27. Rxa6 b4 28. Nd5 Rxc2 29. Nxb4 Rxb2 30. Nc6 h5
31. e5 h4 32. Kg4 Rh2 33. e6 Re2 34. e7 Kf7 35. Kxh4 Re4 36. Kg4 Ke8 37. Kg5 Kf7 38. f5 Re2 39. Ra8 Rg2+ 40. Kf4
1-0

[Event "Friendly mini "]
[Site "SchemingMind.com"]
[Date "2005.06.01"]
[Round "-"]
[White "happinessisawarmgun®"]
[Black "Brerrabbit"]
[Result "1/2-1/2"]
[WhiteCountry "IRL"]
[BlackCountry "SCO"]
[WhiteElo "1511"]
[WhiteRD "88"]
[BlackElo "1319"]
[BlackRD "79"]
[GameID "16864"]

1. e4 e5 2. Nf3 Nc6 3. d4 Nf6 4. dxe5 Nxe4 5. Bb5 Bc5 6. O-O d6 7. exd6 cxd6 8. Re1 Bf5 9. Nc3 Bxf2+ 10. Kf1 Bxe1
11. Qxe1 O-O 12. Nxe4 d5 13. Bxc6 bxc6 14. Nc5 Bxc2 15. Qg3 d4 16. Bh6 Qf6 17. Nd7 Bd3+ 18. Kg1 Qg6 19. Qxg6 Bxg6 20. Nxf8 Rxf8
21. Bf4 Be4 22. Nxd4 c5 23. Nf3 Rd8 24. Re1 f5 25. Ne5 h6 26. Ng6 Rd4 27. Nh4 Kf7 28. Bb8 a5 29. Ba7 Bc2 30. Re7+ Kxe7
31. Bxc5+ Ke6 32. Bxd4 g5 33. Nf3 g4 34. Ne5 Kd5 35. Bc3 h5 36. Kf2 f4 37. g3 Ke4 38. gxf4 Kxf4 39. Ng6+ Bxg6 40. Bxa5 h4
41. Bc7+ Kf5 42. a4 Ke6 43. b4 Bf5 44. a5 Kd7 45. Bf4 Kc8 46. b5 Be4 47. Bg5 h3 48. a6 Kc7 49. Be3 Kb8 50. b6 Bc6
51. a7+ Kb7 52. Kg3=
1/2-1/2

[Event "Friendly mini "]
[Site "SchemingMind.com"]
[Date "2005.06.01"]
[Round "-"]
[White "happinessisawarmgun®"]
[Black "Magnanimous"]
[Result "0-1"]
[WhiteCountry "IRL"]
[BlackCountry "CAN"]
[WhiteElo "1458"]
[WhiteRD "121"]
[BlackElo "1378"]
[BlackRD "74"]
[GameID "16865"]

1. e4 e5 2. Nf3 d6 3. d4 Nf6 4. dxe5 dxe5 5. Qxd8+ Kxd8 6. Nc3 Nc6 7. Bg5 Be7= 8. Bb5 Nd4 9. O-O-O Ng4 10. Bxe7+ Kxe7
11. Nd5+ Kf8 12. Rd2 Nxb5 13. Nxe5 Nxe5 14. Rhd1 Be6 15. Nxc7 Nxc7 16. Rd8+ Rxd8 17. Rxd8+ Ne8
0-1

[Event "Friendly mini "]
[Site "SchemingMind.com"]
[Date "2005.06.01"]
[Round "-"]
[White "happinessisawarmgun®"]
[Black "pjer_bezuhov"]
[Result "1-0"]
[WhiteCountry "IRL"]
[BlackCountry "CRO"]
[WhiteElo "1458"]
[WhiteRD "121"]
[BlackElo "1522"]
[BlackRD "77"]
[GameID "16866"]

1. e4 c5 2. Nf3 d6 3. d4 cxd4 4. Nxd4 e5 5. Nf3 Bg4 6. h3 Bh5 7. Nc3 Nc6 8. Bc4 Nd4 9. g4 Bg6 10. Nxd4 exd4
11. Qxd4 f6 12. Be3 Ne7 13. O-O-O Nc6 14. Qd2 Qe7 15. Bf4 Bxe4 16. Bxd6 Qxd6 17. Nxe4 Qe5 18. Qd7#
1-0

[Event "Friendly mini "]
[Site "SchemingMind.com"]
[Date "2005.06.01"]
[Round "-"]
[White "aliwood"]
[Black "happinessisawarmgun®"]
[Result "1-0"]
[WhiteCountry "ENG"]
[BlackCountry "IRL"]
[WhiteElo "1354"]
[WhiteRD "69"]
[BlackElo "1506"]
[BlackRD "95"]
[GameID "16867"]

1. e4 c6 2. d4 d5 3. Nd2 dxe4 4. Nxe4 Bf5 5. Nf3 Bxe4 6. Bc4 Nf6 7. O-O Nbd7 8. Re1 Nb6 9. Bxf7+ Kxf7 10. Ng5+ Ke8
11. Nxe4 Nxe4 12. Rxe4 g6 13. Bf4 Bg7 14. Qe2 Bxd4 15. Rd1 Bxf2+ 16. Kxf2 Nd7 17. Kg3 Qb6 18. Rxe7+ Kf8 19. Rdxd7
1-0

[Event "Friendly mini "]
[Site "SchemingMind.com"]
[Date "2005.06.02"]
[Round "-"]
[White "cnbcad"]
[Black "happinessisawarmgun®"]
[Result "0-1"]
[WhiteCountry "USA"]
[BlackCountry "IRL"]
[WhiteElo "1425"]
[WhiteRD "52"]
[BlackElo "1506"]
[BlackRD "95"]
[GameID "16868"]

1. e4 c6 2. d4 d5 3. e5 Bf5 4. Bd3 Bxd3 5. Qxd3 Nd7 6. Nf3 e6 7. O-O Rc8 8. c4 dxc4 9. Qxc4 Ne7 10. Nbd2 Ng6
11. Ne4 Be7 12. Bg5 Bxg5 13. Nfxg5 O-O 14. Nd6 Rc7 15. Ndxf7 Rxf7 16. Qxe6 Qxg5 17. Qh3 Nf4 18. Qf3 Nb6 19. Qe4 Nh3+ 20. Kh1 Nxf2+
21. Rxf2 Rxf2 22. Rg1 Rcf7 23. e6 R7f4 24. Qe3 Nd5 25. Qh3 Ne7 26. g3 Rf1 27. Rxf1 Rxf1+ 28. Qxf1 Qf6 29. Qc4 b5 30. Qe2 Qxd4
31. Qh5 Ng6 32. Qf3 Qf6 33. Qe2 Ne5 34. e7 Qxe7 35. Kg2 Kf7 36. Qh5+ g6 37. Qxh7+ Kf6 38. Qh8+ Kf5 39. Qc8+= Ke4 40. Qh8 Qg5
41. Qh4+ Qxh4 42. gxh4 a5 43. Kg3 c5 44. h5 gxh5 45. h3 Kf5 46. Kh4 Kg6 47. Kg3 c4 48. Kf4 Nd3+ 49. Ke3 Nxb2 50. Kd4 Na4
51. Kd5 c3
0-1

[Event "Friendly mini "]
[Site "SchemingMind.com"]
[Date "2005.06.03"]
[Round "-"]
[White "Brerrabbit"]
[Black "happinessisawarmgun®"]
[Result "1-0"]
[WhiteCountry "SCO"]
[BlackCountry "IRL"]
[WhiteElo "1312"]
[WhiteRD "73"]
[BlackElo "1493"]
[BlackRD "91"]
[GameID "16869"]

1. e4 c6 2. d4 d5 3. Nc3 dxe4 4. Nxe4 Bf5 5. Bd3 Qxd4 6. Nf3 Qd7 7. Nc5 Qc8 8. Bf4 Bxd3 9. Qxd3 e6 10. Ne4 Be7
11. O-O Nf6 12. Rfe1 O-O 13. Ne5 Nbd7 14. Re3 Nxe5 15. Bxe5 Nxe4 16. Rxe4 Qd8 17. Rd4 Qb6 18. Qg3 g6 19. Rad1 Qxb2 20. Bd6 Bxd6
21. Rxd6 Kg7 22. h4 h5 23. R1d4 Qc1+ 24. Kh2 Qxc2 25. Qe5+ Kh7 26. Qf4 Qxa2 27. Qg5 Qxf2 28. Rd7 a5 29. Rf4 Qe3 30. Rdxf7+ Rxf7
31. Rxf7+ Kg8 32. Qxg6+
1-0

[Event "Friendly mini "]
[Site "SchemingMind.com"]
[Date "2005.06.02"]
[Round "-"]
[White "Magnanimous"]
[Black "happinessisawarmgun®"]
[Result "1-0"]
[WhiteCountry "CAN"]
[BlackCountry "IRL"]
[WhiteElo "1378"]
[WhiteRD "74"]
[BlackElo "1458"]
[BlackRD "121"]
[GameID "16870"]

1. e4 c6 2. d4 d5 3. Nc3 dxe4 4. Nxe4 Bf5 5. f3 Nd7 6. Bd2 e6 7. Bc4 Ngf6 8. Qe2 Qb6 9. O-O-O Qxd4 10. Be3 Qe5
11. f4 Qc7 12. Nf3 Nxe4 13. Nd4 Nd6 14. g4 Nxc4 15. Qxc4 Bxg4 16. Rdg1 Bf5 17. Nxf5 exf5 18. Bd4 Qxf4+ 19. Kb1 Ne5 20. Re1 Bd6
21. Rhf1 O-O 22. Qc3 Qxh2 23. Bxe5 Bxe5 24. Rxe5 g6 25. Rfe1 h5 26. R5e2 Qf4 27. Re7= Kh7 28. Rxb7 h4 29. a3 Kh6 30. Qxc6 Kh5
31. Rb4 Rac8 32. Qf6 Qg5 33. Qg7 h3 34. Qh7+ Qh6 35. Rh4+ Kxh4 36. Qxh6+ Kg3 37. Rh1 Rh8 38. Qg5+ Kf3 39. Rf1+ Ke2 40. Qf4 Rxc2
41. Qf3+ Kd2 42. Rd1#
1-0

[Event "Friendly mini "]
[Site "SchemingMind.com"]
[Date "2005.06.01"]
[Round "-"]
[White "pjer_bezuhov"]
[Black "happinessisawarmgun®"]
[Result "1-0"]
[WhiteCountry "CRO"]
[BlackCountry "IRL"]
[WhiteElo "1522"]
[WhiteRD "77"]
[BlackElo "1458"]
[BlackRD "121"]
[GameID "16871"]

1. e4 c6 2. d4 d5 3. e5 Bf5 4. Nf3 e6 5. Bd3 Bxd3 6. Qxd3 Nd7 7. Nc3 Rc8 8. O-O c5 9. b3 cxd4 10. Qxd4 b6
11. Bb2 Ne7 12. Rad1 Ng6 13. Nb5 Rxc2 14. Rc1 Rxc1 15. Rxc1 Qb8 16. Rc7 Be7 17. Qa4 Qd8 18. Qxa7 Bc5 19. Nd6+ Bxd6 20. exd6 Rg8
21. Nd4 e5 22. Nc6
1-0